Historia de la psicología: la muerte del centauro

Es un libro polémico no solo por sostener la tesis de que la historia es un invento del historiador desde sus propios prejuicios, sino por la misma forma novelada en que esta escrito.

Spremljeno u:
Bibliografski detalji
Glavni autor: Sandoval, Humberto
Format: Knjiga
Jezik:Spanish
Izdano: Bogotá: ediciones Antropos, 1995
Teme:
Online pristup:Enlace del recurso
Oznake: Dodaj oznaku
Bez oznaka, Budi prvi tko označuje ovaj zapis!

MARC

LEADER 00000nam a2200000 a 4500
001 001045
008 030521s1995 ck a fr# #000|0#spa#d
020 |a 958-651-137-5 
041 0 |a spa 
043 |a s-ck--- 
100 1 |a Sandoval, Humberto 
245 1 0 |a Historia de la psicología:  |b la muerte del centauro   |c Humberto Sandoval 
260 |a Bogotá:  |b ediciones Antropos,  |c 1995 
300 |a 273 p.:  |b il. 
520 3 |a Es un libro polémico no solo por sostener la tesis de que la historia es un invento del historiador desde sus propios prejuicios, sino por la misma forma novelada en que esta escrito. 
650 1 4 |a PSICOLOGÍA  |x HISTORIA 
999 |c 3197  |d 3197 
856 |u https://catalogo.idep.edu.co/cgi-bin/koha/opac-detail.pl?biblionumber=3197  |z Enlace del recurso